Novedades para la actividad actoral en materia de seguridad social (Registro nro. 35832)

Detalles MARC
000 -LEADER
fixed length control field 00337 a2200109 4500
001 - CONTROL NUMBER
control field ART_59384
005 - DATE AND TIME OF LATEST TRANSACTION
control field 20260410162051.0
008 - FIXED-LENGTH DATA ELEMENTS--GENERAL INFORMATION
fixed length control field 260409a
100 1# - MAIN ENTRY--PERSONAL NAME
Personal name Santacruz, Lidia M.
245 10 - TITLE STATEMENT
Title Novedades para la actividad actoral en materia de seguridad social
773 0# - HOST ITEM ENTRY
Title Impuestos
Related parts - N° 156 (sep. 2023)
Record control number REV45175

No hay ítems disponibles.